Catálogo

Crisis : (Registro nro. 26955)

Detalles MARC
000 -LEADER
fixed length control field 01052cam a2200301 i 4500
001 - CONTROL NUMBER
control field 26955
003 - CONTROL NUMBER IDENTIFIER
control field Mx-PuUPA
005 - DATE AND TIME OF LATEST TRANSACTION
control field 20230817141316.0
008 - FIXED-LENGTH DATA ELEMENTS--GENERAL INFORMATION
fixed length control field 140415s1987 mx d gr 000 0 spa d
020 ## - INTERNATIONAL STANDARD BOOK NUMBER
International Standard Book Number 9786070735677
040 ## - CATALOGING SOURCE
Transcribing agency Mx-PuUPA
Original cataloging agency Mx-PuUPA
Language of cataloging spa
Modifying agency Mx-PuUPA
Description conventions rda
041 0# - LANGUAGE CODE
Language code of text/sound track or separate title spa
100 1# - MAIN ENTRY--PERSONAL NAME
Personal name Ligorría Carballido, Julio,
Dates associated with a name 1956-
9 (RLIN) 14064
Relator term autor
245 10 - TITLE STATEMENT
Title Crisis :
Remainder of title la administración de lo inesperado /
Statement of responsibility, etc. Julio Ligorría Carballido
250 ## - EDITION STATEMENT
Edition statement Primera edición /
Remainder of edition statement agosto
264 #1 - PRODUCTION, PUBLICATION, DISTRIBUTION, MANUFACTURE, AND COPYRIGHT NOTICE
Place of production, publication, distribution, manufacture Ciudad de México :
Name of producer, publisher, distributor, manufacturer Editorial Planeta Mexicana,
Date of production, publication, distribution, manufacture, or copyright notice ©2016
300 ## - PHYSICAL DESCRIPTION
Extent 219 páginas :
Other physical details diagramas ;
Dimensions 23 cm
336 ## - CONTENT TYPE
Fuente rdacontent
Content type term texto
Content type code txt
337 ## - MEDIA TYPE
Source rdamedia
Media type term sin medio
Media type code n
338 ## - CARRIER TYPE
Source rdacarrier
Carrier type term volumen
Carrier type code nc
650 #7 - SUBJECT ADDED ENTRY--TOPICAL TERM
Source of heading or term armarc
Topical term or geographic name entry element Comunicación en gestión de crisis
650 #7 - SUBJECT ADDED ENTRY--TOPICAL TERM
Source of heading or term armarc
Topical term or geographic name entry element Gestión de crisis
650 #7 - SUBJECT ADDED ENTRY--TOPICAL TERM
Source of heading or term armarc
Topical term or geographic name entry element Administración
650 #7 - SUBJECT ADDED ENTRY--TOPICAL TERM
Source of heading or term armarc
Topical term or geographic name entry element Solución de problemas
General subdivision Toma de decisiones
942 ## - ADDED ENTRY ELEMENTS (KOHA)
Source of classification or shelving scheme Dewey Decimal Classification
Koha item type Libro
Classification part 658.15
Item part L723
Existencias
Withdrawn status Lost status Source of classification or shelving scheme Damaged status Not for loan Collection code Home library Current library Shelving location Date acquired Total Checkouts Full call number Barcode Date last seen Date last checked out Price effective from Koha item type Copy number
    Dewey Decimal Classification     General Tehuacán Tehuacán Sala general 31/05/2023 1 658.15 L723 2016 968000001363 08/01/2025 16/10/2024 31/05/2023 Libro  
    Dewey Decimal Classification     General Tehuacán Tehuacán Sala general 17/08/2023   658.15 L723 2016 968000001534 08/01/2025   17/08/2023 Libro Ej.2